00704nas a2200229 4500001001300000003000900013005001700022007000300039008003400042040005400076041000900130072001300139100001800152100001900170100001900189245008300208650001400291650002500305650001800330650001500348773011100363BR2015001140BR-BrBNA20231205125048.0ta230509b bl.|||p| |||| 00| 00por d aBR-BrBNAbporcBiblioteca Nacional de Agricultura a(En) aF30; F061 aValadares, J.1 aPaula, N.F. de1 aPaula, R.C. de1 aPhysiological changes in eucalyptus hybrids under different irrigation regimes aEUCALIPTO aMELHORAMENTO VEGETAL aIRRIGAÇÃO aGENÓTIPO0 tRevista Ciência Agronômica (Brazil)xISSN 0045-6888g(Oct-Dec 2014), v. 45(4) p. 805-814wBR2015001140